000 00875nam0a22002771 4500
001 rc\4235456
005 20250612023705.0
021 _aRU
_b[59-16146]
035 _a(NLR Aleph) 008466743
090 _a7903880
_c7903880
100 _a20130416d1959 |||y0rusy50 ca
101 0 _arus
102 _aRU
105 _aa z |||||
200 1 _aТехника разборных ламп
210 _aМосква
_cСвязьиздат
_d1959
215 _a111 с.
_cил.
_d22
320 _aБиблиогр.: с. 109-110 (48 назв.)
606 _aЭлектронные лампы, разборные
_2psbo
700 1 _aАндреев
_bП.Н.
_gПетр Николаевич
701 1 _aЗарянов
_bН.В.
_gНиколай Васильевич
801 0 _aRU
_bNLR
_gpsbo
801 1 _aRU
_bELAR
_2rusmarc
852 _aNLR
_j59-5/1375
942 _cBOOK
980 _aNB